[Event "OSREDNJA SLOVENSKA LIGA 2025"]
[Site "gostovanja"]
[Date "2025.11.13"]
[Round "8.8"]
[White "Babarovic, Fran"]
[Black "Lanjscek, Miha"]
[Result "1-0"]
[WhiteElo "1901"]
[BlackElo "1842"]
[PlyCount "69"]
[EventDate "2025.09.18"]
[WhiteTeam "SK KOMENDA POGI"]
[BlackTeam "SK TRZIN"]

1. e4 c5 2. Nf3 d6 3. d4 cxd4 4. Nxd4 Nf6 5. Nc3 a6 6. Be2 e5 7. Nb3 Be6 8. Be3
Be7 9. Nd5 Bxd5 10. exd5 O-O 11. O-O Nbd7 12. c4 Nb6 13. Nd2 Nfd7 14. f4 exf4
15. Bxf4 Ne5 16. Rc1 Nbd7 17. Ne4 Nf6 18. Bxe5 Nxe4 19. Bd4 Bf6 20. Kh1 b6 21.
Bf3 Bxd4 22. Qxd4 Nc5 23. b4 Nd7 24. Be4 a5 25. Rc3 Ne5 26. Rh3 g6 27. a3 axb4
28. axb4 Ra4 29. Bc2 Rxb4 30. Qd2 Rxc4 31. Qh6 Re8 32. Bxg6 f6 33. Qxh7+ Kf8
34. Qh8+ Ke7 35. Rh7+ 1-0

[Event "OSREDNJA SLOVENSKA LIGA 2025"]
[Site "gostovanja"]
[Date "2025.11.13"]
[Round "8.8"]
[White "Konvalinka, Kostja"]
[Black "Macek, Inti"]
[Result "1/2-1/2"]
[WhiteElo "1704"]
[BlackElo "1920"]
[PlyCount "79"]
[EventDate "2025.09.18"]
[WhiteTeam "SK TRZIN"]
[BlackTeam "SK KOMENDA POGI"]

1. e4 e5 2. Nf3 Nc6 3. Bc4 Bc5 4. c3 Nf6 5. d4 exd4 6. cxd4 Bb4+ 7. Nc3 d5 8.
exd5 Nxd5 9. O-O Bxc3 10. bxc3 O-O 11. Bd3 Bg4 12. c4 Nf6 13. d5 Ne5 14. Be2
Bxf3 15. gxf3 Ng6 16. Re1 Nh5 17. Bf1 Nhf4 18. Kh1 Qd7 19. Qd4 Nh5 20. Qg4 Nf6
21. Qxd7 Nxd7 22. Bb2 Rfe8 23. Re3 f6 24. Rae1 Nde5 25. f4 Nxf4 26. Bxe5 Rxe5
27. Rxe5 fxe5 28. Rxe5 Ng6 29. Re3 Rf8 30. Kg1 Rf4 31. Kg2 Kf7 32. Bd3 Rd4 33.
Bf1 Kf6 34. Re8 c6 35. dxc6 bxc6 36. Ra8 Rd7 37. Kf3 Ke5 38. Ke3 h6 39. Bg2 Kd6
40. Rc8 1/2-1/2

[Event "OSREDNJA SLOVENSKA LIGA 2025"]
[Site "gostovanja"]
[Date "2025.11.13"]
[Round "8.8"]
[White "Zagar, Katarina"]
[Black "Banko, Franci"]
[Result "0-1"]
[WhiteElo "1542"]
[BlackElo "1628"]
[PlyCount "66"]
[EventDate "2025.09.18"]
[WhiteTeam "SK KOMENDA POGI"]
[BlackTeam "SK TRZIN"]

1. d4 Nf6 2. c4 g6 3. Nc3 Bg7 4. e4 d6 5. Nf3 O-O 6. Bg5 Nc6 7. d5 Ne5 8. Nxe5
dxe5 9. Be2 c6 10. O-O cxd5 11. Nxd5 h6 12. Nxf6+ exf6 13. Bd2 f5 14. exf5 Bxf5
15. Bc3 Qc7 16. Qc1 Rad8 17. Bd2 Kh7 18. g4 Be4 19. Be3 b6 20. f3 Bb7 21. Rb1
e4 22. f4 f5 23. h3 Qc6 24. b4 Bd4 25. Rb3 Rd7 26. Bxd4 Rxd4 27. b5 Qc7 28. g5
hxg5 29. fxg5 Qd6 30. Rf4 e3 31. Rxe3 Rxf4 32. Re7+ Qxe7 33. Qxf4 Rh8 0-1